000 00865nam a22001937a 4500
999 _c61951
_d61951
003 Ge_BSU
005 20240614112050.0
008 240614s1991 ge ||||| |||| 00| 0 geo d
041 _ageo
080 _a613.89 + 612.6 ლ-55
100 _aლიბიხი, ს.ს.
_922430
245 _aსექსუალური ჰარმონია /
_cს.ს. ლიბიხი, [თარგმნა ე. ნიკოლაძემ].
264 _aბათუმი :
_bჟურნ. "ჭოროხი"-ს გამოცემა,
_c1991.
300 _a64 გვ. ;
_b20 სმ.
653 _a სექსუალური ჰარმონია
653 _a სექსუალური ცხოვრების ჰიგიენა
700 _a ნიკოლაძე, ე.
_eმთარგმნელი
_922431
942 _2udc
_cBK